LEADER 01639nas 2200589-a 450 001 996198571603316 005 20230522213016.0 011 $a1612-4790 035 $a(DE-599)ZDB2075054-7 035 $a(OCoLC)54530763 035 $a(CKB)111084892763004 035 $a(CONSER)--2007233745 035 $a(EXLCZ)99111084892763004 100 $a20040304a20009999 s-- a 101 0 $aeng 135 $aurbn||||||abp 135 $aurbn||||||ada 181 $ctxt$2rdacontent 182 $cc$2rdamedia 183 $acr$2rdacarrier 200 00$aCognitive processing 210 $aLengerich $cPabst Science 210 31$aHeidelburg :$cSpringer Verlag 215 $a1 online resource 300 $aRefereed/Peer-reviewed 300 $a"International quarterly of cognitive science." 311 $a1612-4782 531 $aCOGN PROCESS 531 $aCOGN. PROCESS 531 0 $aCogn. process. 606 $aCognition$vPeriodicals 606 $aCognition$xphysiology 606 $aCognition$vPériodiques 606 $aCognition$2fast$3(OCoLC)fst00866457 606 $aKognitionswissenschaft$2gnd 606 $aPsychologie$2gtt 608 $aPeriodicals.$2fast 608 $aPeriodicals.$2lcgft 608 $aZeitschrift$2swd 608 $aOnline-Publikation$2swd 610 $aPsychology 615 0$aCognition 615 12$aCognition$xphysiology. 615 6$aCognition 615 7$aCognition. 615 7$aKognitionswissenschaft 615 17$aPsychologie. 676 $a153 906 $aJOURNAL 912 $a996198571603316 996 $aCognitive processing$91413748 997 $aUNISA LEADER 03375nam 22005295 450 001 9910254622103321 005 20200701224410.0 010 $a3-319-33696-7 024 7 $a10.1007/978-3-319-33696-1 035 $a(CKB)3710000000667223 035 $a(DE-He213)978-3-319-33696-1 035 $a(MiAaPQ)EBC4519053 035 $a(PPN)194074218 035 $a(EXLCZ)993710000000667223 100 $a20160503d2016 u| 0 101 0 $aeng 135 $aurnn|008mamaa 181 $ctxt$2rdacontent 182 $cc$2rdamedia 183 $acr$2rdacarrier 200 10$aStructure Formation in Modified Gravity Cosmologies /$fby Alexandre Barreira 205 $a1st ed. 2016. 210 1$aCham :$cSpringer International Publishing :$cImprint: Springer,$d2016. 215 $a1 online resource (XVIII, 218 p. 59 illus. in color.) 225 1 $aSpringer Theses, Recognizing Outstanding Ph.D. Research,$x2190-5053 311 $a3-319-33695-9 320 $aIncludes bibliographical references. 327 $aIntroduction -- Linear Perturbations in Galileon Gravity Models -- The Observational Status of Galileon Gravity After Planck -- Spherical Collapse in Galileon Gravity -- N-body Simulations and Halo Modelling in Galileon Gravity Cosmologies -- Nonlinear Structure Formation in Nonlocal Gravity -- Lensing by Clusters and Voids in Modi?ed Lensing Potentials -- Summary, Conclusions and Future Work. 330 $aThis unique thesis covers all aspects of theories of gravity beyond Einstein?s General Relativity, from setting up the equations that describe the evolution of perturbations, to determining the best-fitting parameters using constraints like the microwave background radiation, and ultimately to the later stages of structure formation using state-of-the-art N-body simulations and comparing them to observations of galaxies, clusters and other large-scale structures. This truly ground-breaking work puts the study of modified gravity models on the same footing as the standard model of cosmology. Since the discovery of the accelerating expansion of the Universe, marked by the awarding of the 2011 Nobel Prize in Physics, there has been a growing interest in understanding what drives that acceleration. One possible explanation lies in theories of gravity beyond Einstein?s General Relativity. This thesis addresses all aspects of the problem, an approach that is crucial to avoiding potentially catastrophic biases in the interpretation of upcoming observational missions. . 410 0$aSpringer Theses, Recognizing Outstanding Ph.D. Research,$x2190-5053 606 $aGravitation 606 $aCosmology 606 $aClassical and Quantum Gravitation, Relativity Theory$3https://scigraph.springernature.com/ontologies/product-market-codes/P19070 606 $aCosmology$3https://scigraph.springernature.com/ontologies/product-market-codes/P22049 615 0$aGravitation. 615 0$aCosmology. 615 14$aClassical and Quantum Gravitation, Relativity Theory. 615 24$aCosmology. 676 $a530.11 700 $aBarreira$b Alexandre$4aut$4http://id.loc.gov/vocabulary/relators/aut$0814111 801 0$bMiAaPQ 801 1$bMiAaPQ 801 2$bMiAaPQ 906 $aBOOK 912 $a9910254622103321 996 $aStructure Formation in Modified Gravity Cosmologies$91818752 997 $aUNINA LEADER 01035nam0-22003371i-450 001 990004773050403321 005 20250825095129.0 035 $a000477305 035 $aFED01000477305 035 $a(Aleph)000477305FED01 100 $a19990604g19669999km-y0itay50------ba 101 0 $ager 102 $aDE 105 $ay-------001yy 200 1 $a<>attische Paragraphe$eEin Beitrag zum Problem der Auflockerung archaischer Prozessformen$fvon Hans Julius Wolff 210 $aWeimar$cH. Böhlaus$d1966 215 $a158 p.$d23 cm 225 1 $aGräzistische Abhandlungen$v2 676 $a349.385$v17 700 1$aWolff,$bHans Julius$f<1902-1983>$0314937 801 0$aIT$bUNINA$gRICA$2UNIMARC 901 $aBK 912 $a990004773050403321 952 $aFONDO PROFESSOR ANTONIO GUARINO IV L 51$bG/2909$fFGBC 952 $aV 23$bBibl. 42872$fFLFBC 952 $aIV L 105$b80870$fFGBC 952 $aIV F 46$b92453$fFGBC 959 $aFLFBC 959 $aFGBC 996 $aAttische Paragraphe$9559637 997 $aUNINA